000 00301nam a22001337a 4500
008 170614b xxu||||| |||| 00| 0 eng d
020 _a9780673397621
041 _aeng
080 _a32
100 _a19
101 _aSHP
245 _aFOREIGN POLICY WITHOUT ILLUSION
_cWIARRDA,H,J
942 _2udc
_cBK
999 _c17321
_d17321